Absolventi škôl a daňový bonus
Za podmienok uvedených v par. 33 zákona č. 595/2003 Z.z. o dani z príjmov v znení neskorších predpisov má jeden z rodičov alebo iná oprávnená osoba nárok na daňový bonus na vyživované dieťa. V súvislosti s ukončením štúdia na stredných a vysokých školách je aktuálna otázka, za ktoré mesiace je ešte...
Salvato in:
| Autore principale: | |
|---|---|
| Natura: | Capitolo di libro |
| Lingua: | slovacco |
| Soggetti: | |
| Tags: |
Nessun Tag, puoi essere il primo ad aggiungerne!!
|
MARC
| LEADER | 00000naa$a2200000$$$4500 | ||
|---|---|---|---|
| 001 | 0076365 | ||
| 005 | 20231127094650.8 | ||
| 041 | 0 | |a slo | |
| 044 | |a SK | ||
| 245 | 1 | 0 | |a Absolventi škôl a daňový bonus |c Renáta Bláhová |
| 520 | |a Za podmienok uvedených v par. 33 zákona č. 595/2003 Z.z. o dani z príjmov v znení neskorších predpisov má jeden z rodičov alebo iná oprávnená osoba nárok na daňový bonus na vyživované dieťa. V súvislosti s ukončením štúdia na stredných a vysokých školách je aktuálna otázka, za ktoré mesiace je ešte možné tento nárok uplatniť. Informácia o základných podmienkach uplatnenia daňového bonusu. Ilustračné príklady. | ||
| 610 | 2 | 0 | |a úľavy daňové |
| 610 | 2 | 0 | |a absolventi |
| 610 | 2 | 0 | |a školy vysoké |
| 610 | 2 | 0 | |a úpravy právne |
| 610 | 2 | 0 | |a Slovensko |
| 610 | 2 | 0 | |a dane z príjmov |
| 100 | 1 | |a Bláhová, Renáta | |